| 000 | 00576nam a2200181 i 4500 | ||
|---|---|---|---|
| 001 | 82832 | ||
| 003 | ES-MaACL | ||
| 005 | 20230906174735.0 | ||
| 007 | t| | ||
| 008 | 041112s1971 sp ||||1| spa d | ||
| 110 | 2 |
_aInstituto de Estudios Alicantinos. _94886 |
|
| 245 | 1 | 0 |
_aInstituto de Estudios Alicantinos / _c[director, Juan Orts Serrano]. |
| 260 |
_a[Alicante : _bDiputación Provincial de Alicante, _c1971] |
||
| 300 |
_a148 p. : _bil. ; _c21 cm. |
||
| 500 | _aEs el nº 5, II época. | ||
| 700 | 1 |
_aOrts Serrano, Juan. _987676 |
|
| 852 |
_aES-MaACL _jC-48812 _bR.79049 |
||
| 999 |
_c82832 _d82832 |
||